000
00258nam a2200097Ia 4500
001
688557
005
20250826161617.0
008
250824s9999 xx 000 0 und d
245
0
_a
ALLAHA YAKLAŞTIRAN AMELLER
_c
HEKİMOĞLU İSMAİL
260
_b
TİMAŞ YAYINLARI
999
_c
688557
_d
688557